000
00313 a2200145 4500
001
74975
020
_a
040
_c
Anchieta - Colégio São Paulo
240
1
0
_a
Grandes autores
_l
por
245
1
0
_a
Grandes autores
300
_a
800
362
0
_a
0
650
4
_a
Biografia, Genealogia, Insígnia
942
_c
BK
999
_c
74975
_d
74975